Tilastot visalle Legendaariset urheilusitaatit

Klikkaa tästä pelataksesi tätä visaa!

Yleistilastot

  • Tätä visaa on pelattu 116 kertaa
  • Keskiarvotulos 15 / 23

Vastaustilastot

SanontaUrheilijaLisävihje% Oikein
1995"Se on siinä!"Antero Mertaranta95-selostaja
93%
2011"Tämä on isku. Se ei ole isku vyön alle. Se on isku maaliin!"Antero Mertarantaselostaja
93%
1924"Oliva huanost harjotelle ku noi kaatusiva."Paavo Nurmimenestynein olympiavoittaja
91%
1988"Oikein sydäntä lämmittää olla näinkin ylivoimainen."Matti Nykänenkolme olympiakultaa mäkyhypystä Calgaryssa;
myöhemmin laulaja
86%
"Mennään eteenpäin"Timo Jutilajääkiekkoilija ja "rillaaja"
85%
2019Löikö mörkö sisään?Marko Anttilakaksi MM-kultaa ja olympiakullan
voittanut jääkiekkoilija
83%
2001"Tämä on pettymys isolla ässällä."Mika Häkkinenyksi menestyneimmistä suomalaisista F1-kuskeista;
aktiivivuodet 1991-2001
83%
1993"Saksa on paska maa."Seppo Rätyheitti keihästä 1980-1990-luvuilla
82%
1980"Tuosta vielä yksi sadasosa, tuosta ja tuosta ja vielä tuosta."Juha MietoLake Placid, 15 km hiihto, 4. sija
79%
2004"We had to stop because it came some stone or something through Timo's seat
– up in the ass of Timo"
Marcus Grönholm2-kertainen rallin maailmanmestari 2000-luvun alusta
77%
1972"Siitä tuli lisää sisua vaan."Lasse Virénkommentti kaatumisestaan Münchenissä
74%
1956"Kuulehan Kalle, ei niitä pyykkejä tarvitse pestä, miehän tulen täältä pian kotiin."Siiri Rantanennaishiihtäjä, joka lähetti olympiakultahiihtonsa jälkeen terveiset Ylen Aamukahvi-ohjelman kautta kotiin miehelleen;
lempinimi 'äiti'
65%
"Laulamalla tämä mökki on tehty. Laulamalla ei heittämällä."Tapio Rautavaarakeihäänheittäjä, laulaja
63%
1998"Carloksen auto syttyi palamaan puoli kilometriä ennen maalia.
- - Ne eivät jaksa työntää sitä maaliin. Peli on selvä."
Tommi Mäkinensaa puhelinsoiton kesken haastattelun ja kertoo uutiset toimittajille
62%
(millaisilla renkailla ajoit?)
"Black, round Pirelli."
Juha Kankkunen4-kertainen rallin maailmanmestari
55%
1987tarvitsi havujaMarjo Matikainennaishiihtäjä
55%
1912 - 1920juoksi Suomen maailmankartalleHannes Kolehmainenviisi olympiamitalia
54%
Varokaa, *** heittää!Tiina Lillak1980-luvulla keihästä heittänyt nainen
47%
1986 / 1987"Muistin aina sadan metrin jälkeen kääntyä vasemmalle."Martti Vainioainoa Suomen doping-käryn takia menettämä olympiamitali
(Los Angeles 1984, 10 000 m)
41%
1971Julma-Juha on tehnyt sen mitä odotimme, mutta mitä pelkäsimme.Juha Väätäinenvoitti kaksi kultamitalia (5 000 m ja 10 000 m) Helsingin EM-kisoista 1971
39%
"Mä kaaduin kerran ja kusin kahdesti."Veikko Hakulinen3 kultaa sekä olympialaisista että MM-kisoista voittanut hiihtäjä
34%
1952"Revanssihenki oli kova. Karjalasta potkut saaneella ja sodan hävinneellä naisella."Sylvi Saimoolympiakultaa melonnasta
25%
1964Nyt tuli heitto, nyt tuli kaamea heitto.Pauli Nevalakeihään olympiakultaa Tokiosta
16%

Tulosjakauma

Persentiili vastausten määrän mukaan

Jokaisen tuloksen saaneiden osuus

Tuloshistoriasi

Et ole pelannut tätä visaa